Religion Quiz

Random Religion or Quote Quiz

Martin Luther or Martin Luther King Jr.? Quiz Stats

 Plays Quiz Updated Jan 18, 2016

Score 0/20 Timer 06:00
1 Play Today
Who said... Luther (A) or Luther King (B) % Correct
Darkness cannot drive out darkness; only light can do that. Hate cannot drive out hate; only love can do that.???
82.2%
In the end, we will remember not the words of our enemies, but the silence of our friends.???
77.7%
Freedom is never voluntarily given by the oppressor; it must be demanded by the oppressed.???
76.2%
The ultimate measure of a man is not where he stands in moments of comfort and convenience, but where he stands at times of challenge and controversy.???
75.6%
I have decided to stick with love. Hate is too great a burden to bear.???
72.9%
The ultimate tragedy is not the oppression and cruelty by the bad people but the silence over that by the good people.???
70.2%
Our lives begin to end the day we become silent about things that matter.???
67.6%
Nothing in all the world is more dangerous than sincere ignorance and conscientious stupidity.???
67%
People must have righteous principles in the first, and then they will not fail to perform virtuous actions.???
63.7%
When I am angry I can pray well and preach well.???
59.3%
Who said... Luther (A) or Luther King (B) % Correct
Every man must decide whether he will walk in the light of creative altruism or in the darkness of destructive selfishness.???
56.9%
Forgiveness is God's command.???
56.6%
War is the greatest plague that can afflict humanity, it destroys religion, it destroys states, it destroys families. Any scourge is preferable to it.???
55.7%
Justice is a temporary thing that must at last come to an end; but the conscience is eternal and will never die.???
54.6%
You are not only responsible for what you say, but also for what you do not say.???
51.1%
Everything that is done in the world is done by hope.???
47.5%
Means we use must be as pure as the ends we seek.???
45.2%
Peace if possible, truth at all costs.???
42.8%
Peace is more important than all justice; and peace was not made for the sake of justice, but justice for the sake of peace.???
37.9%
Nothing good ever comes of violence.???
37.1%

You're not logged in!

Compare scores with friends on all Sporcle quizzes.
OR
Log In

Show Comments

Extras

Top Quizzes Today


Score Distribution

Your Account Isn't Verified!

In order to create a playlist on Sporcle, you need to verify the email address you used during registration. Go to your Sporcle Settings to finish the process.

Report this User

Report this user for behavior that violates our Community Guidelines.

Details: